000 00875nam a2200205 i 4500
001 100118
003 ES-MaACL
005 20250915063045.0
007 t|
008 050922s1949 sp ||||1| spa d
100 1 _aMartínez Val, José María,
_d1916-
_978455
245 1 3 _aLa formación del profesorado de enseñanza media
_b: ponencia para el Congreso Internacional de Pedagogía de Santander, 1949 /
_cpor el Dr. José María Martínez Val.
260 _aCiudad Real :
_bInstituto de Estudios Manchegos del Patronato José María Cuadrado,
_c1949.
300 _a66 p. ;
_c21 cm.
500 _aPrecede al tít.: Consejo Superior de Investigaciones Científicas.
710 2 _aInstituto de Estudios Manchegos.
_94919
710 2 _aConsejo Superior de Investigaciones Científicas (España)
_93236
852 _aES-MaACL
_j1905-F-7
_bR.29103
999 _c100118
_d100118